[Event "Odysseus Autumn"]
[Site "Soborg"]
[Date "2002.09.26"]
[Round "3"]
[White "Jespersen, Claus Mosby"]
[Black "Ornebjerg, Henrik"]
[Result "0-1"]
[WhiteElo "1915"]
[BlackElo "1700"]
[PlyCount "68"]
[EventDate "2002.09.12"]
[EventType "tourn"]
[EventRounds "5"]
[EventCountry "DEN"]
[SourceTitle "EXT 2023"]
[Source "ChessBase"]
[SourceDate "2022.10.05"]
[SourceVersion "1"]
[SourceVersionDate "2022.10.05"]
[SourceQuality "1"]

1. e4 c5 2. Nf3 d6 3. d4 cxd4 4. Nxd4 Nf6 5. Nc3 a6 6. Bc4 e6 7. a3 Qc7 8. Bb3 Be7 9. Be3 Nc6 10. Qe2 Bd7 11. Rd1 0-0 12. 0-0 Rac8 13. Bg5 Nxd4 14. Rxd4 Bc6 15. Rfd1 h6 16. Bxf6 Bxf6 17. Rxd6 Be5 18. R6d3 Bxh2+ 19. Kh1 Be5 20. g3 b5 21. Kh2 Qb7 22. Re1 Rcd8 23. Nd1 Rd7 24. c3 Rfd8 25. Rxd7 Qxd7 26. Bc2 Qe7 27. Ne3 Bxe4 28. Ng2 Bxc2 29. Qxc2 Qg5 30. Re2 Bb8 31. Ne3 Ba7 32. Qe4 Qh5+ 33. Qh4 Qxe2 34. Qxd8+ Kh7 0-1